El palacete de la Moncloa (Record no. 177807)

MARC details
000 -LEADER
campo de control de longitud fija 00984nam a2200265 i 4500
001 - NÚMERO DE CONTROL
campo de control 177807
003 - IDENTIFICADOR DE NÚMERO DE CONTROL
campo de control ES-MaACL
005 - FECHA Y HORA DE LA ÚLTIMA TRANSACCIÓN
campo de control 20251001063037.0
008 - DATOS DE LONGITUD FIJA--INFORMACIÓN GENERAL
campo de control de longitud fija 110427s2009 sp afo |||| | spa d
017 ## - NÚMERO DE COPYRIGHT O DE DEPÓSITO LEGAL
Número de copyright o de depósito legal M-46611-2009
080 ## - NÚMERO DE LA CLASIFICACIÓN DECIMAL UNIVERSAL
Número de la Clasificación Decimal Universal 728.82(460.27 M.)
100 1# - ENTRADA PRINCIPAL--NOMBRE DE PERSONA
Nombre de persona Ezquerra del Bayo, Joaquín,
Fechas asociadas al nombre 1863-1942
9 (RLIN) 162294
245 13 - MENCIÓN DEL TÍTULO
Título El palacete de la Moncloa
Resto del título : su pasado y su presente /
Mención de responsabilidad, etc. por Joaquín Ezquerra del Bayo.
250 ## - MENCION DE EDICION
Mención de edición Ed. facs.
260 ## - PUBLICACIÓN, DISTRIBUCIÓN, ETC.
Lugar de publicación, distribución, etc. [Madrid] :
Nombre del editor, distribuidor, etc. Presidencia del Gobierno,
Fecha de publicación, distribución, etc. D. L. 2009.
300 ## - DESCRIPCIÓN FÍSICA
Extensión 38, 30, 24 p. , LII h. de lám. :
Otras características físicas il. col. y n. ;
Dimensiones 33 cm.
534 ## - NOTA SOBRE LA VERSIÓN ORIGINAL
Frase introductoria Reproducción facs. de la ed. de:
Publicación, distribución, etc. del original Madrid : Sociedad Española de Amigos del Arte, 1929.
610 24 - PUNTO DE ACCESO ADICIONAL DE MATERIA--NOMBRE DE ENTIDAD CORPORATIVA
Nombre de entidad corporativa o nombre de jurisdicción como elemento de entrada Palacio de la Moncloa (Madrid)
9 (RLIN) 146288
655 #7 - TERMINO DE INDIZACIÓN--GENERO/FORMA
Fuente del término tgfbne
9 (RLIN) 226495
Datos o término principal de género/forma Facsímiles
852 ## - LOCALIZACIÓN
Ubicación ES-MaACL
itemnumber R.145780
Número de control de estantería A-11096
Signatura antigua Olim:N-4101
Ubicación en estantería Depósito 1
903 ## - NOMBRE PERSONAL DE DONANTE
e Donante
942 ## - ELEMENTOS DE ENTRADA SECUNDARIOS (KOHA)
Fuente del sistema de clasificación o colocación Clasificación decimal universal
Tipo de ítem Koha Libro impreso
Holdings
Estatus retirado Estado de pérdida Fuente del sistema de clasificación o colocación Estado de daño No para préstamo Biblioteca de origen Biblioteca actual Ubicación en estantería Fecha de adquisición Fuente de adquisición Total de préstamos Signatura topográfica completa Código de barras Visto por última vez Precio de reemplazo Tipo de ítem Koha
    Clasificación decimal universal     Biblioteca del Ateneo de Madrid Biblioteca del Ateneo de Madrid Depósito 1 27/04/2011 Donación   A-11096 1186791 23/02/2023 23/02/2023 Libro impreso